000 00406 a2200145 4500
005 20250627160007.0
020 _a978-0-07-298713-3
082 _a331'.0973 FOS
100 _aFOSSUM,J.A.
245 _aLabor Relations: Developement,Structure, Process
250 _a9th Ed.
260 _aBoston,
_bMcGraw-Hill,
_c2006.
300 _axvii,554p.:ill.;figures,tables
_bGlossary and Index
_c24cm
942 _2ddc
_cBKS
999 _c5734
_d5734